01201nam a22002895i 4500001000700000003000900007005001700016008004100033020001800074080002500092080002800117080003500145100003400180245027400214260003600488300003900524490004500563700002200608700003600630700004300666700003400709700002200743700002400765700002600789830004500815852005100860183103ES-MaACL20260426162626.0140116s1993 sp | |||| ||spa d a84-397-1887-X a929 Pasternak, Boris a929 Rilke, Rainer Maria a929 Tsvetaeva, Marina Ivanovna1 aPasternak, Boris Leonidovich.10aCartas del verano de 1926 /cBorís Pasternak, Rainer Maria Rilke, Marina Tsvietáieva ; introducción, recopilación y notas de K.M. Azadovski, Elena Pasternak y Evgueni Pasternak ; traducción de Selma Ancira ; versión de los poemas en ruso de Tatiana Bubnova. aBarcelona :bMondadori,c[1993] a347 p., [8] p. de lám. ;c20 cm.1 aEl espejo de tinta. Serie Vidas privadas11aBubnova, Tatiana.1 aRilke, Rainer Maria,d1875-19260 aTsvetaeva, Marina Ivanovna,d1892-19411 aAzadovski, Konstantin,d1941-1 aPasternak, Elena.1 aPasternak, Evgueni.1 aAncira, Selma,d1956-0 aEl espejo de tinta. Serie Vidas privadas aES-MaACLjL-29920z.- Donat. Miguel A. Velasco